Open Data Biblioteca Nacional de Portugal


República Portuguesa: Ministério da Cultura
Biblioteca Nacional de Portugal

Catálogo da BNP: acesso por Identificadores Unívocos
Registos Bibliográficos associados ao registo de autoridade

Etiqueta de registo: 00254nam 2200025 450
001 2283902
003 http://id.bnportugal.gov.pt/bib/catbnp/2283902
010 ## $a978-989-36102-0-6
021 ## $aPT$b544304/25
100 ## $a20260408d2025 m y0pory01030103ba
101 0# $apor
102 ## $aPT
105 ## $aa g 000yy
106 ## $ar
200 1# $aPhotovoice$eguia prático para educadores$fMindShift Skills Hub$gcoord. Henrique Sim-Sim
210 #9 $aÉvora$cFundação Eugénio de Almeida,$dD.L. 2025
215 ## $a93, [3] p.$cil.$d25 cm
702 #1 $aSim-Sim,$bHenrique$4340$31623357
710 02 $aMindShift Skills Hub$31995426
801 #0 $aPT$bBN$gRPC
966 ## $lBN$mFGMON$x1
971 ## $cabrito$d20260408

OpendataBNP@bnportugal.pt | Mais informação sobre acesso aos dados BNP